Le IV plan Francais 1962-1965 par francois perroux
Na minha lista:
| Autor principal: | |
|---|---|
| Formato: | Livro |
| Idioma: | Undetermined |
| Publicado em: |
Paris
Presses Universitaires de France
1962
|
| Assuntos: | |
| Tags: |
Adicionar Tag
Sem tags, seja o primeiro a adicionar uma tag!
|
| Thư viện lưu trữ: | Trung tâm Học liệu Trường Đại học Cần Thơ |
|---|
| LEADER | 00479nam a2200169Ia 4500 | ||
|---|---|---|---|
| 001 | CTU_79405 | ||
| 008 | 210402s9999 xx 000 0 und d | ||
| 082 | |a 330 | ||
| 082 | |b M415 | ||
| 100 | |a Masse, Pierre | ||
| 245 | 0 | |a Le IV plan Francais 1962-1965 par francois perroux | |
| 245 | 0 | |c Pierre Masse | |
| 260 | |a Paris | ||
| 260 | |b Presses Universitaires de France | ||
| 260 | |c 1962 | ||
| 650 | |a Economic conditions | ||
| 980 | |a Trung tâm Học liệu Trường Đại học Cần Thơ | ||